| 000 -CABECERA |
| Longitud fija campo de control |
00530nam a2200181 a 4500 |
| 001 - NÚMERO DE CONTROL |
| Número de control |
5641 |
| 003 - IDENTIFICADOR DEL NÚMERO DE CONTROL |
| Identificador del número de control |
CDMR |
| 005 - FECHA Y HORA DE LA ÚLTIMA TRANSACCIÓN |
| Fecha y hora de la última transacción |
20131028132111.0 |
| 008 - CÓDIGOS DE INFORMACIÓN DE LONGITUD FIJA |
| Códigos de información de longitud fija |
130130s1988||||||||||||||||||||||||||||d |
| 020 ## - NÚMERO INTERNACIONAL NORMALIZADO PARA LIBROS |
| Número Internacional Normalizado para Libros (ISBN) |
8475961363 |
| 040 ## - FUENTE DE LA CATALOGACIÓN |
| Centro catalogador de origen |
CDMR |
| Lengua de catalogación |
cat |
| Centro transcriptor |
CPC GIRONA |
| 110 2# - PUNTO DE ACCESO PRINCIPAL-NOMBRE DE ENTIDAD CORPORATIVA |
| 9 (RLIN) |
2617 |
| Nombre de entidad corporativa o nombre de jurisdicción como elemento inicial |
Diari de Barcelona |
| 245 #3 - MENCIÓN DE TÍTULO |
| Título |
Un model de llengua pels mitjans de comunicació |
| Resto del título |
: llibre d'estil del Diari de Barcelona |
| 250 ## - MENCIÓN DE EDICIÓN |
| Mención de edición |
3a ed. |
| 260 ## - PUBLICACIÓN, DISTRIBUCIÓN, ETC. (PIE DE IMPRENTA) |
| Fecha de publicación, distribución, etc. |
1988 |
| Nombre del editor, distribuidor, etc. |
Empúries |
| Lugar de publicación, distribución, etc. |
Barcelona |
| 610 2# - PUNTO DE ACCESO ADICIONAL DE MATERIA - NOMBRE DE ENTIDAD CORPORATIVA |
| 9 (RLIN) |
2617 |
| Nombre de entidad corporativa o nombre de jurisdicción como elemento inicial |
Diari de Barcelona |
| Subdivisión de forma |
Manuals d'estil |
| 942 ## - ENTRADA DE ELEMENTOS AGREGADOS (KOHA) |
| Koha [por defecto] tipo de item |
Monografies |
| Fuente de clasificaión o esquema |
|